000 01232cab a2200229 4500
001 ABS48299
008 090401t1993 xxu||||| |||| 00| 0 eng d
035 _a(Sirsi) u66029
041 _aeng
245 _aBrill v SoS for the Environment and Chiltern DC
260 _c1993
350 _a0
490 _aJournal of Planning and Environment Law
_v1993 JPL 253-259(4)
520 _aQBD 9 April 1992. The appellants B were refused planning permission on appeal for the continued use of a farm shop for the sale of imported produce and associated development. 25% of the annual turnover of the shop was due to imported produce. The appeal considered whether the appeal proposals conflict with the objectives of established policies concerning the control of development in the Green Belt. It was held that there were no exceptional circumstances that would justify consent. B appealed. This was upheld on the grounds that the continued use for imported goods constitued a material change of use to a general retail unit within class A.
650 _aCHANGE OF USE
650 _aCLASS A
650 _aFARM SHOPS
650 _aGREEN BELT
690 _aPLANNING LAW AND PRACTICE-CASE LAW
942 _n0
948 _c04/03/1997
999 _c41264
_d41264